|
|
|
|
| LEADER |
00000nam a2200000 i 4500 |
| 001 |
1/31947 |
| 008 |
941103s1987 fre d |
| 020 |
|
|
|a 960-293-293-7
|
| 035 |
|
|
|a 1991
|c ΒΙΒΛΙΟΘΗΚΗ
|l 10038967
|
| 040 |
|
|
|a GR-MY-UA
|b gre
|e aacr
|
| 041 |
0 |
|
|a fre
|a gre
|
| 082 |
0 |
|
|a 443.31
|
| 100 |
1 |
|
|a Χριστοδουλάκης, Γιάννης.
|
| 245 |
1 |
0 |
|a Λεξικό Γαλλικών Ιδιωματικών Εκφράσεων :
|b Dictionnaire des gallicismes /
|c Γιάννης Χριστοδουλάκης ; Επιμέλεια ύλης Γιώργος Ξενάριος
|
| 260 |
|
|
|a Αθήνα :
|b Πατάκη,
|c 1987
|
| 300 |
|
|
|a 316 σ.;
|c 21 cm.
|
| 650 |
0 |
0 |
|a French language
|x Idioms
|x Dictionaries
|x Greek.
|
| 852 |
|
|
|a INST
|b SAMOS
|e 19941103
|h 443.31 ΧΡΙ
|p 005300010267
|q 005300010267
|t REF
|y 23
|
| 909 |
|
|
|a Σ
|b 019873
|